000 00901cam a2200217 a 4500
005 20160317160525.0
008 991218s1998 ck ab r 00010 spa d
040 _ala
_cla
_dCO-BoIAVH
041 0 _aspa
044 _ack
082 0 4 _a333.7
_bC67a
110 2 _aCorporación Autónoma Regional de Caldas.
245 1 0 _aAgenda para la gestión ambiental del municipio de Marmato /
_cCorporación Autónoma Regional de Caldas.
260 _aManizales :
_bCorpocaldas,
_c1998.
300 _a60 páginas :
_bilustraciones, mapas ;
_c28 x 21 centímetros
650 6 _aProtección ambiental
_z Marmato (Caldas, Colombia)
_v Programas.
650 6 _aRecursos naturales
_z Marmato (Caldas, Colombia)
650 6 _aGestión ambiental
_z Marmato (Caldas, Colombia)
650 4 _aConservación de los recursos naturales
_z Marmato (Caldas, Colombia)
942 _2ddc
_cLIBRO
999 _c1607
_d1607